| 000 | 00764nam a2200241 a 4500 | ||
|---|---|---|---|
| 999 |
_c23327 _d23327 |
||
| 001 | vtls011716810 | ||
| 005 | 20221003073450.0 | ||
| 008 | 180105s2017 xo g 000 f slo c | ||
| 020 |
_a9788089821365 _q(brož.) |
||
| 040 |
_aTTKJF _bslo _cTTKJF _eAACR2 |
||
| 041 | 1 | _aslo | |
| 044 |
_axo _cSK |
||
| 072 | 7 |
_a821.162.4-3 _xSlovenská próza _2konspekt |
|
| 080 |
_a821.162.4-31 _22011 |
||
| 080 |
_a(0:82-31) _22011 |
||
| 100 | 1 |
_aJežovičová, Kristína, _d1984- _91771 |
|
| 245 | 1 | 0 |
_aNevidím zlo _cKristína Ježovičová, Michaela Mihoková |
| 260 |
_aBratislava _bBESTSELER _c2017 |
||
| 300 |
_a220 s. _c18 cm |
||
| 655 | 7 |
_aslovenské romány _2SNKPH _91694 |
|
| 655 | 7 |
_aSlovak fiction _2SNKPHeng _91695 |
|
| 700 | 1 |
_aMihoková, Michaela, _d1989- _4aut _91774 |
|